| Tag |
First Indicator |
Second Indicator |
Subfields |
| LEADER |
00000cam a2200000 a 4500 |
| 001 |
in00001069258 |
| 005 |
20151216144635.0 |
| 008 |
841031s1984 txuak bs s00010 eng d |
| 035 |
|
|
|a (OCoLC)11333328
|
| 035 |
|
|
|9 AFM7580AM
|
| 040 |
|
|
|a IKM
|c IKM
|d UtOrBLW
|
| 049 |
|
|
|a IKMd
|a TXAS [tamu]
|
| 086 |
|
|
|a Z TA225.7 In3 84-2
|2 txdocs
|
| 090 |
|
|
|a HD1775.T4
|b T4 no. 84-2
|
| 099 |
|
9 |
|a Z
|a TA225.7
|a In3
|a 84-2
|
| 100 |
1 |
|
|a Vining, Kevin C.
|q (Kevin Clair),
|d 1958-
|
| 245 |
1 |
0 |
|a Timeliness, effectiveness, and value of weather information to Texas farmers /
|c Kevin C. Vining, C. Arden Pope III, William A. Dugas, Jr.
|
| 264 |
|
1 |
|a College Station, Tex. :
|b Dept. of Agricultural Economics, Texas Agricultural Experiment Station, Texas A&M University System,
|c 1984.
|
| 300 |
|
|
|a 14 pages, 25 unnumbered leaves :
|b 1 form ;
|c 28 cm.
|
| 336 |
|
|
|a text
|b txt
|2 rdacontent
|
| 337 |
|
|
|a unmediated
|b n
|2 rdamedia
|
| 338 |
|
|
|a volume
|b nc
|2 rdacarrier
|
| 490 |
1 |
|
|a Departmental information report / Department of Agricultural Economics, Texas Agricultural Experiment Station, Texas A&M University System ;
|v no. 84-2
|
| 504 |
|
|
|a Bibliography: leaves 13-14.
|
| 650 |
|
0 |
|a Meteorology, Agricultural
|z Texas.
|
| 650 |
|
0 |
|a Weather forecasting.
|
| 700 |
1 |
|
|a Pope, C. Arden.
|
| 700 |
1 |
|
|a Dugas, William A.
|q (William Arthur)
|
| 710 |
2 |
|
|a Texas Agricultural Experiment Station.
|b Department of Agricultural Economics.
|
| 830 |
|
0 |
|a Departmental information report (Texas A & M University. Dept. of Agricultural Economics and Sociology) ;
|v no. 84-2.
|
| 999 |
|
|
|a MARS
|
| 999 |
f |
f |
|s c6cfa85d-74e6-3813-9dd2-a665db9a4d75
|i 4686c2c5-4849-3f9a-bce1-f4634ef92ff6
|t 0
|
| 952 |
f |
f |
|p noncirc
|a Texas A&M University
|b College Station
|c Cushing Memorial Library & Archives
|d Cushing: Texas A&M Publications (Remote Storage: 2-3 day retrieval)
|t 0
|e HD1775.T4 T4 no. 84-2
|h Library of Congress classification
|i unmediated -- volume
|
| 998 |
f |
f |
|a HD1775.T4 T4 no. 84-2
|t 0
|l Cushing: Texas A&M Publications (Remote Storage: 2-3 day retrieval)
|